Quizzes
Events
Quiz Creation
Community
Videos
Private Events
Remove Ads
Sign In
Join for FREE
Feedback
Dark Mode
Quiz Categories
Sports
Geography
Music
Movies
Television
Just For Fun
Miscellaneous
History
Literature
Language
Science
Gaming
Entertainment
Religion
Holiday
For Kids
Quiz Lab
Recent
Popular Today
Quiz Kudos Today
Editor Picks
Curator Picks
Quizzes by...
Day
Popularity
Type
Ratings
Length
Year
Community
Subscriptions
Recent Discussions
Orange Saloon
Badges
Playlists
Quests
Create
Leaderboards
Showdown
Live 5
Trivia Bingo
Activity
Puzzle Library
Sporcle Events
Private Events
Virtual Trivia
Globe League
Become a Host
Pub Owners
SporcleCon
Opinionation
Our Games
Videos
Blog
Mobile Apps
Partnerships
Remove Ads and Go Orange
Feedback
Sports
Athletes
MLB
NBA
NHL
NFL
Soccer
Sports Teams
WWE
NCAA
Football
Premier League
Basketball
Baseball
Hockey
Golf
Tennis
Cricket
Rugby
Auto Racing
Olympics
World Cup
Sports
Athletes
MLB
NBA
NHL
NFL
Soccer
Sports Teams
WWE
NCAA
Football
Premier League
Basketball
Baseball
Hockey
Golf
Tennis
Cricket
Rugby
Auto Racing
Olympics
World Cup
Random Quiz
Search Sporcle
×
Quiz Lab
Quiz Lab
Sports
Goal Scorers
Type in answers that appear in a list
Type in answers that appear in a list
Classic
Best Score? Go Orange.
Brentford Goalscorers of the 90's Stats
Can you name the Brentford Goalscorers of the 90's?
By
denhamhoop
15m
79 Questions
68 Plays
68 Plays
68 Plays
Comments
Comments
Give Quiz Kudos
Give Quiz Kudos
-
- Ratings
hide this ad
Replay
Link that replays current quiz
Next Quiz
Link to next quiz in quiz playlist
You Got
0%
They Got
Avg Score
23%
Avg Friend Score
Upgrade to see
Score Distribution
Jump to the score distribution portion of the page
Score
0/79
Timer
15:00
0
Plays Today
% Correct
Paul Smith
70.6%
Paul Evans
70.6%
Terry Evans
69.1%
Lloyd Owusu
67.6%
Dean Holdsworth
66.2%
Bob Taylor
66.2%
Nicky Forster
66.2%
Jamie Bates
63.2%
Marcus Gayle
61.8%
Keith Jones
57.4%
Ijah Anderson
55.9%
Gary Blissett
54.4%
Marcus Bent
54.4%
Carl Asaba
52.9%
Andy Scott
48.5%
Keith Millen
38.2%
Danny Boxall
38.2%
Martin Rowlands
35.3%
Darren Powell
33.8%
Hermann Hreidarsson
33.8%
Scott Partridge
32.4%
Gavin Mahon
30.9%
Neil Smillie
29.4%
Brian Statham
26.5%
Barry Ashby
26.5%
Robert Quinn
26.5%
Joe Allon
25%
Tony Folan
23.5%
Martin Grainger
22.1%
DeanA Williams
20.6%
Simon Ratcliffe
19.1%
Bob Booker
19.1%
Denny Mundee
19.1%
Carl Hutchings
19.1%
Richard Cadette
17.6%
Kevin Godfrey
17.6%
Rob Peters
16.2%
Lee Luscombe
16.2%
Warren Aspinall
16.2%
Allan Cockram
14.7%
% Correct
Roger Stanislaus
13.2%
David Thompson
13.2%
Paul Stephenson
13.2%
Paul Abrahams
13.2%
Darren Freeman
13.2%
Eddie May
11.8%
Paul Buckle
11.8%
Mickey Bennett
11.8%
Shane Westley
11.8%
David McGhee
11.8%
Graeme Hogg
11.8%
Billy Manuel
10.3%
Kevin Rapley
10.3%
Derek Bryan
10.3%
Grant Chalmers
8.8%
Dennis Bailey
8.8%
Charlie Oatway
8.8%
Tony Sealy
7.4%
Alan Dickens
7.4%
Lee Harvey
7.4%
Leon Townley
7.4%
Craig Ravenscroft
5.9%
Ricky Reina
5.9%
Nigel Gleghorn
5.9%
Leo Fortune-West
5.9%
Garry Brooke
4.4%
Wilf Rostron
4.4%
Dean Martin
4.4%
Andy Driscoll
2.9%
Scott Canham
2.9%
Joe Omigie
2.9%
Ryan Denys
2.9%
Mark Fleming
1.5%
Ian Benjamin
1.5%
Darren Annon
1.5%
Andy Ansah
1.5%
George Parris
1.5%
Sean Sparham
0%
Mark Janney
0%
Quiz Playlist
Details
Report
Send in Message
Add To Playlist
Classic:
Type in answers that appear in a list
Last Updated: Feb 16, 2017
Quiz Scoreboard
CHALLENGE
Sign Up to Join the Scoreboard
Show All
Scores
Hide
Comments
May contain spoilers
Recently Published
College Basketball Coaching Resumes
by pancakes188
Sports
9m
Billboard Blitz: Fleetwood Mac
by CooCooCachoo
Music
15s
Presidents Visiting Landmarks
by Hejman
History
7m
More to Explore
Quiz From the Vault
Featured Blog Post
Where Did the Easter Bunny Come From?
hide this ad
You Might Also Like...
Tags
Goal Scorers
Today's Top Quizzes in Sports
Browse Sports
hide this ad
Today's Top Quizzes in Goal Scorers
Browse Goal Scorers
Top Contributed Quizzes in Sports
1
Les meilleurs buteurs des matchs entre le PSG et l’OM
2
2022 World Cup Stars
3
FIFA Club World Cup Champions
4
Les entraîneurs de l'OM et du PSG au 21e siècle
5
Criteria MLB: Left Handed Sluggers
6
AFC Teams Reveal (Wrong Answers Minefield)
7
5-to-1: UK Sports Teams
8
Name the Premier League winners with different clubs
9
5-to-1: FBS Animal Nicknames
10
Players with Multiple 50 Home Run Seasons
Explore More
Trending Topics
Disney
Anime
Crossword
Kpop
Harry Potter
Marvel
NBA
WWE
Soccer
NFL
Country
Puzzle
The Office
Pokémon
Song
hide this ad
More By:
denhamhoop
Quiz
Plays
Rating
Category
Featured
Created
QPR 80's goalscorers
411
4.00
Sports
Oct 18, 2010
QPR 90's goalscorers
259
3.00
Sports
Oct 21, 2010
QPR Hat Tricks
241
5.00
Sports
May 2, 2010
QPR Top Flight Players 1983-1996
225
1.50
Sports
Sep 13, 2010
England World Cup Goalscorers
117
5.00
Sports
Jul 18, 2010
Go to Creator's Profile
Score Distribution
Quiz Creator Spotlight
denhamhoop
Follow
Send a Message
Quizzes Created
-
Created Quiz Play Count
-
More By This Creator
Popular Quizzes Today
1
Find the US States - No Outlines Minefield
2
Find the Countries of Europe - No Outlines Minefield
3
The Countries of the World
4
Find the US States
5
Risky Map Clicking: Biggest States A-Z
6
US States
7
Popular People in 1961
8
Movies - When Are They Set?
More Sports Quizzes
Pakistan Test Cricket XI's 2018-19
Quiz Lab
Trending Quizzes
Risky Map Clicking: Least Populous States A-Z
1-10 Letter G Words
1-10 Letter F Words
Risky Map Clicking: Next State Alphabetically
Click the Washington State Counties! (Map)
Recently Updated
Leaping Animals
pecheneg
Reality TV Shows (A-Z)
bhenderson79
Rickey Henderson's Hall of Fame Teammates
pecheneg
Champions League XIs: Arsenal
pecheneg
Quick Pick: Celebrities in WWE's Hall of Fame
aduchscher
A-Z Keypad Blitz II
pecheneg
Multiple Oscar Actors
pecheneg
Mystery Phrase Blitz: Oscar 'Best Actors'
pecheneg
F. Scott Fitzgerald Novels
LTH
Pick 3 Villains
ddd62291
Trending Topics
Disney
Harry Potter
Crossword
NBA
Anime
Marvel
Kpop
Puzzle
The Office
Pokémon
Country
WWE
NFL
Soccer
Song
Your Account Isn't Verified!
In order to create a playlist on Sporcle, you need to verify the email address you used during registration. Go to your
Sporcle Settings
to finish the process.
Report this User
Report this user for behavior that violates our
Community Guidelines
.
Details:
Send Report
Go to the Sporcle.com Mobile Site →
Comments